Seminario y talleres de capacitación y procedimientos de evaluación de impacto ambiental
Guardado en:
| Hovedforfatter: | |
|---|---|
| Format: | Bog |
| Udgivet: |
[San José, Costa Rica] : Universidad de Costa Rica, Facultad de Ingeniería, Instituto de Investigaciones en Ingeniería, Laboratorio de Metrología, Normalización y Calidad
1997
|
| Tags: |
Tilføj Tag
Ingen Tags, Vær først til at tagge denne postø!
|
MARC
| LEADER | 00000nam a2200000Ia 4500 | ||
|---|---|---|---|
| 003 | PI0054 | ||
| 005 | 20240424073325.0 | ||
| 008 | 140116s1997 cr a 000 ||s d | ||
| 040 | |c cru CEDI | ||
| 090 | |a PI-54 | ||
| 100 | |a Muñoz Umaña, Flor de María, 1958- |9 1733 | ||
| 245 | |a Seminario y talleres de capacitación y procedimientos de evaluación de impacto ambiental | ||
| 260 | |a [San José, Costa Rica] : Universidad de Costa Rica, Facultad de Ingeniería, Instituto de Investigaciones en Ingeniería, Laboratorio de Metrología, Normalización y Calidad |c 1997 | ||
| 300 | |a 22 hojas | ||
| 500 | |a Informe final proyecto de investigación | ||
| 942 | |c PI |h PI-54 |i PI0054 |6 PI_54_PI0054 | ||
| 999 | |c 13347 |d 13347 | ||
